00945 a2200169 45000010006000000050017000060080041000230030015000640400040000790800033001192450103001522640038002553000026002935050335003191000022006548560099006764747920260407155741.0260407a1985 arg spa dAR-UNSa-BCEJYS aAR-UNSa-BCEJYSbspacAR-UNSa-BCEJYS a330.101.541xMacroeconomía10aTeoría MacroeconómicapTomo I: Comportamineto- Crecimiento - Tomo II: Dinámica a corto plazo 1aMadrid :bAlianza Editorialc1985 a2v. (414; 420-707) p. aVol. I: 1. El marco conceptual - 2. Las economías domésticas - 3. Las restricciones físicas a la producción - 4. Las empresas - 5. Planificación del crecimiento - 6. Teoría del crecimiento -- Vol. II: 7. El equilibrio a corto plazo - 8. La inflación - 9. Fluctuaciones coyunturales y políticas de estabilización.1 aMalinvaud, Edmond41uhttps://www.biblioeco.unsa.edu.ar/pmb/images/libros/L127519.jpgyImagen de portadaqimage/jpeg